000 00598nam a2200181 4500
008 180105b xxu||||| |||| 00| 0 eng d
020 _a003020397x
082 _21988
_aDC 338.5
_bD69
100 _925517
_aDolan, Edwin G., author.
245 _aMicroeconomics /
_cEdwin G Dolan, David E Lindsey.
250 _aFifth edition.
260 _aChicago :
_bDryden Press,
_c©1988.
300 _axxiv, 519 pages :
_billustrations ;
_c26 cm.
500 _aIncludes bibliographical references and index.
650 0 _925518
_aMicroeconomics
700 _925519
_aLindsey, David E., author.
942 _2ddc
_cDC
999 _c8247
_d8247